000 00406pab a2200157 454500
008 180718b2010 xxu||||| |||| 00| 0 eng d
100 _aBaindur, Meera
245 _aHumanizing the earth: reversing the `reverence to resource' in the Indian context
260 _c2010
300 _ap.71-91.
362 _aJan-Jun
650 _aEarth (planet)
773 _aMan in India
908 _aN
909 _a86580
999 _c86580
_d86580